[Event "Ica La Tinguina Cup"]
[Site "Ica"]
[Date "2023.11.25"]
[Round "5"]
[White "Valdez Quihue, Benjamin Gerardo"]
[Black "Palomino Landeo, Diego Fernando"]
[Result "0-1"]
[WhiteElo "1219"]
[BlackElo "1712"]
[PlyCount "34"]
[EventDate "2023.11.25"]
[EventType "tourn"]
[EventRounds "9"]
[EventCountry "PER"]
[SourceTitle "CB49_2023"]
[SourceDate "2023.12.06"]
[SourceVersion "1"]
[SourceVersionDate "2023.12.06"]
[SourceQuality "1"]

1. e4 e6 2. d4 d5 3. Nd2 Nf6 4. e5 Nfd7 5. Bd3 c5 6. c3 Nc6 7. Ne2 cxd4 8. cxd4 f6 9. exf6 Nxf6 10. Nf3 Bd6 11. Bg5 0-0 12. 0-0 Bd7 13. a3 Be8 14. Bc2 h6 15. Bf4 Rc8 16. Qd2 Bh5 17. Ne5 Bxe2 0-1